Responses for Show #8584 - Thursday, February 24, 2022

Christine Whelchel game 2.

Contestants

[<< previous game]

Anne Large, a bar and restaurant owner from Washington, D.C.

Lucian Wang, a law clerk from New York, New York

Christine Whelchel, a piano teacher and church organist from Spring Hill, Tennessee (whose 1-day cash winnings total $34,000)

[next game >>]

Jeopardy! Round responses

BOOK OF THE YEAR
PARISH FROM THE EARTH
HODGEPODGE
SENATE COMMITTEES
THE HALL OF FAMER'S POSITION
THE INNER "EAR"
    $200 8
1876

Triple Stumper
    $200 18
Baton Rouge

Triple Stumper
    $200 10
(Ken: Right, the "ket" is ketchup.)

hot dog

Christine
    $200 3
Ethics

Triple Stumper
    $200 26
center

Anne
    $200 1
a beard

Anne
    $400 9
the Mayans

Christine
    $400 19
(Christine: What is Saint "HELL-uh-nuh"?)
(Ken: Yeah, Saint "huh-LEE-na".)

St. Helena

Christine
    $400 11
Passover

Christine
    $400 4
Joint

Lucian
    $400 27
pitcher

Anne
    $400 2
spearmint

Anne
    $600 22
(Arthur C.) Clarke

Christine
    $600 20
Shreveport

Triple Stumper
    $600 12
a professor

Christine
    $600 5
(Chuck) Grassley

Anne
    $600 28
forwards

Anne
    $600 15
clearance (sale)

Christine
    $800 23
1916

Triple Stumper
    $800 21
(Ken: "Perish from the Earth" being a quote from the Gettysburg Address; that would be the [*].)

Lincoln Parish

Triple Stumper
    $800 13
(Ken: For Wyoming, that's right.)

WY

Christine
    $1,200 6
(Anne: What is the Judicial Committee?)

the Senate Judiciary Committee

Anne
    $800 29
linebackers

Triple Stumper
    $800 16
endearments

Christine
    $1000 24
(Ken: The Melbourne Olympics were in [*].)

1956

Triple Stumper
    $1000 25
DeSoto

Christine
    $1000 14
a cylinder

Anne
    $1000 7
the Appropriations Committee

Anne
    $1000 30
goalie (hockey goaltenders)

Lucian
    $1000 17
a yearling

Christine

Scores at the first commercial break (after clue 15):

Christine Lucian Anne
$3,000 $400 $2,000

Scores at the end of the Jeopardy! Round:

Christine Lucian Anne
$6,800 $1,400 $3,200

Double Jeopardy! Round responses

HISTORIC WOMEN
LIT-POURRI
CONSTELLATIONS
NAUTICAL LINGO
THAT '70s SHOW
RHYMING SYNONYMS
    $400 27
Anthony

Christine
    $400 13
science fiction

Christine
    $400 18
Taurus

Lucian
    $400 29
a compass

Christine
    $400 26
Sonny & Cher

Christine
    $400 10
rude & crude

Anne
    $3,000 5
(Christine: Who is Catherine the Great?)

Maria Theresa

Christine
    $800 3
Boris Pasternak

Triple Stumper
    $800 15
Orion

Lucian
    $800 30
(Ken: It has two [*]--a separate outrigger one.)

hulls

Triple Stumper
    $800 23
(Lucian: What is Love Island?)

Fantasy Island

LucianAnne
    $800 6
(Lucian: What is snip and Pip?)

Slim & trim

ChristineLucian
    $1200 11
(Christine: Who is Mary Kay Ash?)

Madam C.J. Walker

Christine
Triple Stumper
    $1200 2
(Lucian: Who is Christie?)

Edgar Allan Poe

Lucian
Triple Stumper
    $1200 16
Crux

Christine
    $4,000 19
(Lucian: What is... peaceful?)

on an even keel

Lucian
    $1200 22
Laverne & Shirley

Christine
    $1200 7
(Anne: Who are Vixen and Blitzen?)

Dancer & Prancer

LucianAnne
    $1600 12
Hull-House

Christine
    $1600 4
the Dark Lady

Triple Stumper
    $1600 1
Andromeda

Christine
    $1600 20
a bulkhead

Triple Stumper
    $1600 24
The Jeffersons

Triple Stumper
    $1600 8
sooth & truth

Lucian
    $2000 28
Valentina Tereshkova

Triple Stumper
    $2000 14
(Anne: Who is Maya Angelou?)

Rita Dove

Anne
Triple Stumper
    $2000 17
Cygnus

Lucian
    $2000 21
Flagstaff

Lucian
    $2000 25
The Partridge Family

Christine
    $2000 9
savor & flavor

Lucian

Scores at the end of the Double Jeopardy! Round:

Christine Lucian Anne
$12,600 $4,600 $1,200
(lock game)

[wagering suggestions for these scores]

Final Jeopardy! Round responses

FICTIONAL FAMILIES
(Ken: [To Lucia] That is correct. [Snaps fingers])
[Laughter]
(Ken: Created by Charles Addams in his New Yorker cartoons.)
AnneWho are the Von Trapps?
$800
LucianWho are the Addams Family?
$600
ChristineWho are?
$2,000
the Addams Family

Final scores:

Christine Lucian Anne
$10,600 $5,200 $400
2-day champion: $44,600 2nd place: $2,000 3rd place: $1,000

Game dynamics:

Coryat scores:

Christine Lucian Anne
$15,600 $8,600 $2,400
21 R,
2 W
(including 1 DD)
9 R,
4 W
(including 1 DD)
10 R,
3 W
(including 1 DD)

Combined Coryat: $26,600

[game clues] [game scores] [suggest correction]

Game tape date: 2021-12-14
The J! Archive is created by fans, for fans. Scraping, republication, monetization, and malicious use prohibited; this site may use cookies and collect identifying information. See terms. The Jeopardy! game show and all elements thereof, including but not limited to copyright and trademark thereto, are the property of Jeopardy Productions, Inc. and are protected under law. This website is not affiliated with, sponsored by, or operated by Jeopardy Productions, Inc. Join the discussion at JBoard.tv.